书目信息 |
| 题名: |
生态环境与生态经济概述
|
|
| 作者: | 舒惠国 著 | |
| 分册: | ||
| 出版信息: | 北京 中国人事出版社 2005.01 |
|
| 页数: | 224页 | |
| 开本: | 24cm | |
| 丛书名: | 国家公务员自然科学丛书 | |
| 单 册: | ||
| 中图分类: | X171.1 , F062.2 | |
| 科图分类: | ||
| 主题词: | 生态环境--概论--学习参考资料 , 生态经济学--概论--学习参考资料 | |
| 电子资源: | ||
| ISBN: | 7-80189-255-0 | |
| 000 | 00998nam 2200265 450 | |
| 001 | 0155226656 | |
| 005 | 20051114154923.22 | |
| 010 | @a7-80189-255-0@dCNY28.00 | |
| 100 | @a20050315d2005 km y0chiy0120 ea | |
| 101 | 0 | @achi |
| 102 | @aCN@b110000 | |
| 105 | @ay z 000yy | |
| 200 | 1 | @a生态环境与生态经济概述@Asheng tai huan jing yu sheng tai jing ji gai shu@f舒惠国著@Fshu hui guo zhu |
| 210 | @a北京@c中国人事出版社@d2005.01 | |
| 215 | @a224页@d24cm | |
| 225 | 2 | @a国家公务员自然科学丛书 |
| 330 | @a本书共分3部分。第1部分历史篇,考察了人类自起源以来的世界环境演变现状。第2部分理论篇,从生态学和经济学发展的趋势着手,介绍了生态经济学的基本理论、基本特征、基本规律。第3部分实践篇,介绍了生态经济在实践 | |
| 410 | 0 | @12001 @a国家公务员自然科学丛书 |
| 606 | 0 | @a生态环境@x概论@x学习参考资料 |
| 606 | 0 | @a生态经济学@x概论@x学习参考资料 |
| 690 | @aX171.1@v4 | |
| 690 | @aF062.2@v4 | |
| 701 | 0 | @a舒惠国@Ashu hui guo@4著 |
| 801 | 0 | @aCN@bQSSK@c20051114 |
| 905 | @a10447@dX171.1@eS637 | |
| 生态环境与生态经济概述/舒惠国著.-北京:中国人事出版社,2005.01 |
| 224页;24cm .-(国家公务员自然科学丛书) |
| ISBN 7-80189-255-0:CNY28.00 |
| 本书共分3部分。第1部分历史篇,考察了人类自起源以来的世界环境演变现状。第2部分理论篇,从生态学和经济学发展的趋势着手,介绍了生态经济学的基本理论、基本特征、基本规律。第3部分实践篇,介绍了生态经济在实践 |
| ● |
| 相关链接 |
|
|
|
正题名:生态环境与生态经济概述
索取号:X171.1/S637
 
预约/预借
| 序号 | 登录号 | 条形码 | 馆藏地/架位号 | 状态 | 备注 |
| 1 | 575951 | 205759516 | 自科库501/501自科库 63排3列4层/ [索取号:X171.1/S637] | 在馆 | |
| 2 | 575952 | 205759525 | 自科库501/501自科库 63排3列4层/ [索取号:X171.1/S637] | 在馆 |